A textbook of electrical technology (Record no. 61092)

MARC details
000 -LEADER
fixed length control field 00511nam a22001937a 4500
005 - DATE AND TIME OF LATEST TRANSACTION
control field 20230601125327.0
008 - FIXED-LENGTH DATA ELEMENTS--GENERAL INFORMATION
fixed length control field 230601b |||||||| |||| 00| 0 eng d
020 ## - INTERNATIONAL STANDARD BOOK NUMBER
ISBN 9788121924405
041 0# - LANGUAGE CODE
Language code of text/sound track or separate title eng
082 04 - DEWEY DECIMAL CLASSIFICATION NUMBER
Classification number 621
Item number THE
100 1# - MAIN ENTRY--AUTHOR NAME
Personal name Theraja, B. L.
245 10 - TITLE STATEMENT
Title A textbook of electrical technology
Statement of responsibility, etc by B. L. Theraja
250 ## - EDITION STATEMENT
Edition statement 4th ed.
260 ## - PUBLICATION, DISTRIBUTION, ETC. (IMPRINT)
Place of publication New Delhi
Name of publisher S. Chand Publication
Year of publication 2023
300 ## - PHYSICAL DESCRIPTION
Number of Pages 300p.
650 #0 - SUBJECT ADDED ENTRY--TOPICAL TERM
Topical Term Engineering
700 1# - ADDED ENTRY--PERSONAL NAME
Personal name Mondal, S. K.
942 ## - ADDED ENTRY ELEMENTS (KOHA)
Koha item type Books
Holdings
Lost status Damaged status Permanent Location Current Location Date acquired Full call number Accession Number Koha item type
    Central Library, Trident Academy of Technology Central Library, Trident Academy of Technology 06/01/2023 621 THE TEST01 Books
    Central Library, Trident Academy of Technology Central Library, Trident Academy of Technology 06/01/2023 621 THE TEST03 Books
    Central Library, Trident Academy of Technology Central Library, Trident Academy of Technology 06/01/2023 621 THE TEST04 Books
    Central Library, Trident Academy of Technology Central Library, Trident Academy of Technology 06/01/2023 621 THE TEST06 Reference
    Central Library, Trident Academy of Technology Computer Science and Engineering 06/01/2023 621 THE TEST02 Reference
    Central Library, Trident Academy of Technology Computer Science and Engineering 06/01/2023 621 THE TEST05 Books
Trident Academy of Technology © 2023.
All rights reserved.                                                                                                                                                                                                        Designed by Team of Central Library .

Powered by Koha